| 000 | 00446 a2200169 4500 | ||
|---|---|---|---|
| 020 | _a0071132996 | ||
| 022 | _a9780071132992 | ||
| 082 | _a658.155 | ||
| 090 |
_c2752 _d2752 |
||
| 100 | _aBeaver,William H. | ||
| 245 |
_aRisk Management. _bProblems & Solutions _cWilliam H. Beaver |
||
| 250 | _aInternational edition | ||
| 260 |
_aNew York _bMcGraw-Hill,Inc. _c1995 |
||
| 300 | _a369p | ||
| 500 | _aPaper cover | ||
| 942 |
_aNBS _cBK _k658.155 WIL |
||
| 999 |
_c345243 _d345243 |
||